[Event "8th Altibox Norway Chess 2020"]
[Site "Stavanger"]
[Date "2020.10.07"]
[Round "3"]
[White "Firouzja, Alireza"]
[Black "Caruana, Fabiano"]
[Result "1/2-1/2"]
[WhiteElo "2728"]
[BlackElo "2828"]
[Annotator "TA"]
[PlyCount "71"]
[EventDate "2020.10.05"]
[EventType "tourn"]
[EventCountry "NOR"]
[SourceTitle "playchess.com"]
[Source "ChessBase"]
[SourceQuality "1"]

{[%evp 9,71,16,17,17,33,0,0,0,10,7,15,21,26,0,0,-34,0,0,0,-12,0,-4,-19,-6,0,-14,-6,-10,0,-9,-3,-9,-26,-22,-25,-75,-5,-18,-12,0,-16,-8,0,0,17,17,30,18,43,0,14,0,0,0,8,0,0,0,8,0,0,0,15,0]} 1. Nf3 d5 2. g3 c5 3. Bg2 Nf6 4. O-O g6 5. d4 cxd4 6. Nxd4 {A08: King's Indian Attack.} Bg7 7. Nb3 (7. c4 $5) 7... Nc6 $1 {[%mdl 4] now scores much better than the old 7...0-0. Played by Viswanathan Anand in July 2020.} 8. Nc3 {[%cal Rc3d5]} e6 9. e4 O-O 10. exd5 Nxd5 11. Ne4 Ne5 {[#]} 12. h4 $146 ({Predecessor:} 12. Nd4 Qb6 13. c3 {½-½ (13) Cvitan,O (2550)-Horvath,J (2535) Nova Gorica 1997}) 12... h6 13. Qe2 Qc7 14. Rd1 a5 15. Nd4 Bd7 16. a4 Rad8 17. Ra3 Nc4 18. Rad3 Ne5 19. Ra3 Rfe8 20. Nc3 Qc4 21. Nxd5 exd5 22. Qd2 Bg4 (22... Qc5 $17 {White must now prevent ...Nc4.} 23. Qf4 Bg4) 23. f3 $11 Bd7 24. Bf1 Qc5 {next ...Nc6 is good for Black.} 25. Qf2 Nc4 26. Rad3 Re7 27. b3 Ne5 28. R3d2 Rde8 29. Bb2 g5 {The position is equal.} 30. hxg5 hxg5 31. Ba1 Qb6 32. Kg2 Qg6 33. Kg1 Qb6 34. Kg2 Qg6 35. Kg1 Qb6 36. Kg2 {Accuracy: White = 86%, Black = 88%.} 1/2-1/2

[Event "8th Altibox Norway Chess 2020"]
[Site "Stavanger"]
[Date "2020.10.07"]
[Round "3"]
[White "Tari, Aryan"]
[Black "Carlsen, Magnus"]
[Result "0-1"]
[WhiteElo "2633"]
[BlackElo "2863"]
[Annotator "TA"]
[PlyCount "90"]
[EventDate "2020.10.05"]
[EventType "tourn"]
[EventCountry "NOR"]
[SourceTitle "playchess.com"]
[Source "ChessBase"]
[SourceQuality "1"]

{[%evp 25,90,39,38,30,31,23,33,21,51,24,70,77,91,89,84,89,89,80,109,74,112,-35,-38,-33,-35,-144,-141,-449,-449,-445,-437,-444,-447,-422,-422,-355,-308,-306,-305,-308,-305,-296,-292,-281,-259,-311,-230,-596,-596,-596,-596,-705,-596,-596,-596,-588,-588,-588,-588,-582,-578,-579,-569,-554,-471,-576,-561]} 1. e4 c5 2. Nf3 Nc6 3. d4 cxd4 4. Nxd4 Nf6 5. Nc3 d6 6. Bg5 Bd7 7. Qd2 a6 8. O-O-O e6 9. f4 Be7 10. Nf3 b5 11. Bxf6 gxf6 12. Kb1 Qb6 13. f5 O-O-O 14. Bd3 {B69: Sicilian: Richter-Rauzer: 7...a6 8 0-0-0 Bd7 9 f4 Be7 10 Nf3 b5 11 Bxf6.} Kb8 15. Ne2 Bc8 16. Nf4 {White is slightly better.} Ne5 17. Be2 d5 18. exd5 {[#]} exf5 $5 $146 {[%mdl 8] New and interesting.} ({Predecessor:} 18... Nxf3 19. Bxf3 e5 20. Ne2 Bxf5 21. Ng3 Bg6 22. Qe2 Rc8 23. Be4 Rc4 24. Nf5 Qc5 {½-½ (38) Solak,D (2586)-Ashwin,J (2471) Albena 2012}) 19. Nd4 Bc5 20. Rhf1 Rhe8 21. a3 Ka8 22. h3 Bd7 23. Nh5 (23. d6 $16) 23... Nc4 $1 $15 {[%cal Rc4d2]} 24. Bxc4 $1 bxc4 25. Qc3 (25. Ka1 $1 $15) 25... Rb8 $17 26. Rf3 $2 {[%mdl 8192] [#] This costs White the game.} (26. Nxf5 $17 {is more resistant.} Bxf5 27. Rxf5) 26... Re1 $1 $19 {[%cal Re1d1][%mdl 512]} 27. Rxe1 (27. Qxe1 Qxb2#) 27... Bxd4 28. Qb4 {And now Qxb6 would win.} Qc7 29. d6 Qc6 30. Qa5 Bxb2 31. Ka2 {[#]} Be5 $1 ({Weaker is} 31... Qxd6 {[#]} 32. Rd1 $1 $14 {[%mdl 512]}) 32. Rb1 Rxb1 33. Kxb1 Qxd6 {( -> ...Qd1+)} 34. Kc1 Qd4 {Threatens to win with ...Ka7.} 35. Qxa6+ Kb8 36. c3 $2 (36. g3 {nothing else works.}) 36... Qg1+ {[%mdl 64] Double Attack. Black is clearly winning.} 37. Kd2 Qxg2+ {[%mdl 64] Double Attack} 38. Ke3 f4+ {[%mdl 64] Deflection} 39. Nxf4 Bxf4+ 40. Rxf4 {[%mdl 4096] Endgame Qb6+ is the strong threat. KQR-KQB} Qg3+ 41. Rf3 Qe1+ {[%mdl 64] Double Attack} 42. Kd4 Qe5+ 43. Kxc4 {Black must now prevent Qb6+.} Qe4+ {[%mdl 64] Double Attack} 44. Kc5 Qxf3 {[%mdl 64] Double Attack} 45. Kd6 Bc8 {Accuracy: White = 53%, Black = 88%.} 0-1

[Event "8th Altibox Norway Chess 2020"]
[Site "Stavanger"]
[Date "2020.10.08"]
[Round "4"]
[White "Carlsen, Magnus"]
[Black "Caruana, Fabiano"]
[Result "1-0"]
[WhiteElo "2863"]
[BlackElo "2828"]
[Annotator "TA"]
[PlyCount "101"]
[EventDate "2020.10.05"]
[EventType "tourn"]
[EventCountry "NOR"]
[SourceTitle "playchess.com"]
[Source "ChessBase"]
[SourceQuality "1"]

{[%evp 12,101,15,15,17,6,12,6,2,18,20,7,28,31,33,27,19,31,22,17,16,19,25,20,40,20,23,16,14,16,28,25,24,15,41,24,26,19,26,22,47,47,55,43,52,43,47,44,63,51,125,116,111,128,132,119,136,99,109,91,120,110,108,112,115,106,133,148,272,273,267,269,265,263,256,270,297,237,306,275,276,270,278,274,273,250,272,247,400,387,382,253]} 1. d4 Nf6 2. c4 e6 3. Nc3 Bb4 4. Qc2 O-O 5. a3 Bxc3+ 6. Qxc3 d5 7. Bg5 dxc4 {E36: Nimzo-Indian: Classical: 4...d5 5 a3.} 8. Qxc4 b6 9. Rd1 Ba6 {The position is equal.} 10. Qa4 h6 11. Bh4 Qd7 12. Qc2 Qc6 13. Qxc6 Nxc6 14. Bxf6 gxf6 15. e3 Bxf1 16. Kxf1 Na5 17. Nf3 {[#]} Nc4 $146 ({Predecessor:} 17... Rac8 18. Ke2 c5 19. dxc5 bxc5 20. Rd7 Nc4 21. Rc1 Nxb2 22. Rc2 Na4 23. Rxa7 Ra8 24. Rxa8 Rxa8 {½-½ (37) Wang,H (2763)-Radjabov,T (2765) chess.com INT 2020}) 18. Rb1 c5 19. Ke2 Rfc8 20. Rhc1 Nd6 21. dxc5 bxc5 22. Rc2 Kf8 23. Nd2 c4 24. Rbc1 {[%cal Rd2c4]} Rab8 25. Kf3 {[%cal Rd2c4]} c3 26. bxc3 Rc5 27. c4 {[%cal Bc3c4,Bc4c5][%mdl 32]} f5 28. Ke2 Ke7 29. Kd3 Kd7 30. Rc3 Rc6 {Black is on the road to losing.} ({Black should play} 30... Ke7 $14) 31. c5 $16 Ne8 32. Nf3 {Black must now prevent Ne5+.} Ra6 33. Ne5+ Ke7 34. Ke2 Nf6 35. R1c2 Nd5 36. Rd3 Rc8 37. Rb3 Rc7 38. Rc4 Ra5 39. Nd3 e5 (39... Kf6 $16 40. g4 fxg4) 40. Nxe5 $18 Raxc5 41. Rxc5 Rxc5 {[%mdl 4096] Endgame KRN-KRN} 42. Rb7+ Ke6 43. Nxf7 Ra5 44. Nd8+ Kd6 45. Rb3 {[#] Nb7+ is the strong threat.} Ra6 46. Nf7+ Kc5 47. Ne5 h5 48. Kd2 h4 49. Nd3+ Kc4 $2 {[#]} (49... Kc6 50. Ke2 Ra4 51. Ne5+ Kc5) 50. Kc2 Rd6 51. Nf4 {Accuracy: White = 90%, Black = 71%.} 1-0

[Event "8th Altibox Norway Chess 2020"]
[Site "Stavanger"]
[Date "2020.10.09"]
[Round "4"]
[White "Aronian, Levon"]
[Black "Firouzja, Alireza"]
[Result "0-1"]
[WhiteElo "2767"]
[BlackElo "2728"]
[Annotator "TA"]
[PlyCount "92"]
[EventDate "2020.10.05"]
[EventType "tourn"]
[EventCountry "NOR"]
[SourceTitle "playchess.com"]
[Source "ChessBase"]
[SourceQuality "1"]

{[%evp 20,92,21,10,26,0,8,10,12,-26,1,-13,50,64,37,-2,3,-51,-67,-100,0,0,41,35,29,25,148,161,130,149,205,174,165,165,231,230,223,197,318,67,224,237,239,134,101,114,1339,-751,0,-1213,0,0,31,23,35,39,88,87,99,-89,-69,-76,-75,-64,-81,-123,-106,-171,-9,-9,-14,-10,0,-150,-139]} 1. e4 c6 2. d4 d5 3. Nd2 dxe4 4. Nxe4 Bf5 5. Ng3 Bg6 6. h4 h6 7. Nf3 Nd7 8. Bd3 Bxd3 9. Qxd3 e6 10. Bf4 Ngf6 11. O-O-O Be7 {[#] 11...Qb6 is the fancy move. B19: Classical Caro-Kann: 4...Bf5 main line.} 12. Nf1 $5 $146 {[%mdl 8] An interesting novelty.} ({Predecessor:} 12. Kb1 O-O 13. Ng5 Qa5 14. Bd2 Qd5 15. c4 Ne5 16. Qc2 Nxc4 17. Bc1 Rfe8 18. f4 Nd6 19. Nf3 {½-½ (43) Polgar,J (2722)-Vallejo Pons,F (2662) Benidorm 2003}) 12... Qa5 13. Kb1 Rd8 {The position is equal.} 14. Bc1 Nc5 15. Qe2 Na4 (15... Nce4 $11) 16. c4 $1 $14 O-O 17. Qc2 c5 18. Bd2 (18. d5 $11) 18... Qa6 $15 19. b3 Nb6 (19... cxd4 $17 {...d3 is the strong threat.} 20. bxa4 Rc8) 20. Bc3 $11 cxd4 21. Nxd4 Nbd7 22. Ne3 Nc5 (22... Ne5 $11 {remains equal.}) 23. g4 $1 $16 Nfe4 24. Bb2 $1 Nd6 {[#]} (24... Qb6 $16 {was worth a try.} 25. g5 h5) 25. g5 $1 {[%mdl 512] And now gxh6 would win.} h5 (25... hxg5 26. hxg5) 26. Qe2 Nce4 (26... g6 $142 27. Qc2 Kh7) 27. Rhg1 Qa5 28. Rd3 ({Weaker is} 28. Qxh5 Nd2+ 29. Ka1 N6e4 $11) 28... Nc5 {[#]} (28... g6 {was necessary.} 29. a3 Qa6) 29. Rd2 $2 (29. Ndf5 $1 $18 {[%cal Rf5e7][%mdl 512]} Nxf5 30. Nxf5 $1 {[%mdl 512]} exf5 31. Qe5 $3 {[%mdl 512]}) 29... Nce4 $2 (29... g6 $14) 30. Rc2 $1 $18 Rfe8 31. Qxh5 (31. g6 $18 fxg6 32. Nxe6 {[%mdl 64] Double Attack}) 31... Nd2+ $16 32. Kc1 N6e4 $2 {[%mdl 8192] [#]} (32... g6 $16 33. Qe2 N6e4) 33. c5 $4 {[%mdl 8192]} (33. Ndf5 $1 $18 {[%mdl 512]} exf5 34. g6 Nxb3+ 35. axb3) 33... g6 $2 (33... Qxa2 $19 {[%csl Gd2][%cal Ra2b1]} 34. Rxd2 {[%mdl 64] Remove Defender} Nxd2) 34. Qh8+ $1 $11 {[%mdl 64] Decoy} Kxh8 35. Nc6+ $1 {[%mdl 64] Double Attack} Kg8 36. Nxa5 Nf3 37. Rd1 Nxc5 38. Rxd8 Rxd8 {[#]} 39. Bf6 $2 (39. Nxb7 $1 $16 {[%mdl 512] and life is bright.} Nd3+ (39... Nxb7 40. Rc7) 40. Kb1) 39... Bxf6 $17 40. gxf6 b6 {aiming for ...Nd3+.} 41. Nc6 Rd7 42. Rc4 Kh7 43. Kb2 (43. Ng4 $17) 43... Nd2 $2 ({Black should try} 43... Nd3+ $19 44. Ka1 Kh6) 44. Rd4 $11 Rxd4 45. Nxd4 Nde4 46. Ng4 {[#]} ({Better is} 46. Nc6 $1 $11) 46... Nd3+ $1 {Both players deserved the win here. Accuracy: White = 55%, Black = 48%.} 0-1

[Event "8th Altibox Norway Chess 2020"]
[Site "Stavanger"]
[Date "2020.10.08"]
[Round "4"]
[White "Aronian, Levon"]
[Black "Firouzja, Alireza"]
[Result "1/2-1/2"]
[WhiteElo "2767"]
[BlackElo "2728"]
[Annotator "TA"]
[PlyCount "61"]
[EventDate "2020.10.05"]
[EventType "tourn"]
[EventCountry "NOR"]
[SourceTitle "playchess.com"]
[Source "ChessBase"]
[SourceQuality "1"]

{[%evp 20,61,18,16,27,-3,18,15,16,16,16,12,21,18,13,14,17,17,18,10,12,11,13,11,14,16,16,0,13,11,5,17,19,0,0,-14,0,0,0,-13,35,18,37,22]} 1. e4 c6 2. d4 d5 3. Nd2 dxe4 4. Nxe4 Bf5 5. Ng3 Bg6 6. h4 h6 7. Nf3 Nd7 8. Bd3 Bxd3 9. Qxd3 e6 10. Bf4 Ngf6 11. O-O-O Be7 {[#] 11...Qb6 is more fashionable. B19: Classical Caro-Kann: 4...Bf5 main line.} 12. Nf1 $146 ({Predecessor:} 12. Kb1 O-O 13. Ng5 Qa5 14. Bd2 Qd5 15. c4 Ne5 16. Qc2 Nxc4 17. Bc1 Rfe8 18. f4 Nd6 19. Nf3 {½-½ (43) Polgar,J (2722)-Vallejo Pons,F (2662) Benidorm 2003}) 12... Ng4 13. Qe2 Qa5 {The position is equal.} 14. Kb1 Qb5 15. Rd3 Nb6 16. N3d2 Nf6 17. Ne3 Nfd5 18. Nxd5 Nxd5 19. Qe4 {[#] Black must now prevent c4.} Nxf4 20. Qxf4 Qd5 21. Nf3 O-O 22. Ne5 f6 23. Ng4 Bd6 24. Qc1 Rad8 25. Qd1 Bc7 26. Re1 Bb6 27. f3 Qf5 28. Re4 Rfe8 29. Qe2 Kh8 30. a3 Qd5 {next ...f5 is good for Black.} 31. Ne3 {An uneventful encounter. Accuracy: White = 94%, Black = 95%.} 1/2-1/2

[Event "8th Altibox Norway Chess 2020"]
[Site "Stavanger"]
[Date "2020.10.08"]
[Round "4"]
[White "Tari, Aryan"]
[Black "Duda, Jan-Krzysztof"]
[Result "1/2-1/2"]
[WhiteElo "2633"]
[BlackElo "2757"]
[Annotator "TA"]
[PlyCount "67"]
[EventDate "2020.10.05"]
[EventType "tourn"]
[EventCountry "NOR"]
[SourceTitle "playchess.com"]
[Source "ChessBase"]
[SourceQuality "1"]

{[%evp 16,67,0,0,0,0,0,-2,0,-30,18,0,0,20,34,0,0,0,0,0,41,16,10,8,43,49,47,42,123,118,114,114,101,114,69,79,110,95,164,39,35,36,60,49,61,53,62,23,49,0,0,0,0,0]} 1. e4 c5 2. Nc3 g6 3. f4 Bg7 4. Nf3 Nc6 5. Bb5 Nd4 6. O-O Nxb5 7. Nxb5 d6 8. d3 a6 9. Nc3 b5 {B23: Closed Sicilian: Lines without g3.} 10. Qe1 Bb7 {10...b4 is not played anymore.} 11. f5 Nf6 12. Qh4 Qd7 13. Bh6 Bxh6 14. Qxh6 {[#]} O-O-O $146 ({Predecessor:} 14... gxf5 15. Ng5 Rg8 16. Rxf5 Rg6 17. Qh3 O-O-O 18. Nxh7 Rdg8 19. Nxf6 Rxg2+ 20. Qxg2 Rxg2+ 21. Kxg2 Qxf5 {0-1 (42) McConnell,S (1895)-Antonio,V (2397) chess.com INT 2020}) 15. Ng5 Ng4 16. Qh3 $36 {[%mdl 2048] White is more active.} Ne5 17. Nd5 Kb8 (17... Bxd5 $5 18. exd5 h6 $11) 18. fxg6 Qxh3 19. gxh3 e6 (19... Bxd5 $5 20. exd5 Rdg8 21. Nxf7 Rxg6+ 22. Kh1 Nxf7 23. Rxf7 e6 $14) 20. Nf6 ({Reject} 20. Nxf7 Nxf7 21. g7 exd5 $15) (20. gxf7 exd5 21. Ne6 Rdf8 $1 $15 {[%mdl 512]}) 20... hxg6 21. Ng4 {Threatens to win with Nxe5.} Nxg4 (21... Rh5 $14 22. Nxf7 Nxf7 23. Rxf7 Rxh3) 22. hxg4 $16 Rh4 23. Nxf7 Rxg4+ 24. Kh1 Rd7 25. Rf6 c4 {[#]} 26. Raf1 $1 Rh4 {[#]} (26... Bc8 $16 {was worth a try.}) 27. Rxe6 (27. Kg2 $1 $18) 27... d5 $14 {[%cal Rd5e4]} 28. Nd6 cxd3 29. cxd3 dxe4 30. dxe4 g5 31. Nxb7 Kxb7 32. b4 Rhh7 33. Rff6 {Strongly threatening Rb6+.} Rd2 34. Rb6+ {Accuracy: White = 70%, Black = 68%.} 1/2-1/2

[Event "8th Altibox Norway Chess 2020"]
[Site "Stavanger"]
[Date "2020.10.09"]
[Round "4"]
[White "Tari, Aryan"]
[Black "Duda, Jan-Krzysztof"]
[Result "1-0"]
[WhiteElo "2633"]
[BlackElo "2757"]
[Annotator "TA"]
[PlyCount "129"]
[EventDate "2020.10.05"]
[EventType "tourn"]
[EventCountry "NOR"]
[SourceTitle "playchess.com"]
[Source "ChessBase"]
[SourceQuality "1"]

{[%evp 9,129,16,31,26,30,26,30,31,31,31,37,37,35,27,31,0,18,16,16,16,20,9,18,0,13,7,15,21,0,0,0,0,0,0,0,0,0,0,0,0,0,0,41,56,56,48,41,21,27,12,12,0,2,0,45,6,6,6,10,-35,-29,-152,-168,-157,-18,-158,-27,-18,0,0,0,-8,0,-8,-8,-10,-11,-114,-121,-254,-195,-181,-161,-161,-107,-189,32,31,39,39,70,96,96,90,204,203,309,304,459,459,654,668,660,667,813,782,1192,271,29989,523,29990,454,523,408,12807,12799,1485,1378,29995,29996,29996,182]} 1. e4 c5 2. Nf3 d6 3. Bb5+ Nd7 4. O-O a6 5. Bd3 g6 6. Re1 {B51: Sicilian: Moscow Variation (3 Bb5+) without 3...Bd7.} Bg7 7. c3 Ne5 8. Nxe5 {White has an edge.} dxe5 {[#]} 9. Bc4 $146 ({Predecessor:} 9. Bc2 e6 10. a4 b6 11. d3 Ne7 12. Na3 Nc6 13. Nc4 Bb7 14. Be3 Rb8 15. Qe2 {1-0 (37) Hernandez Sanchez,J (2263)-Vargas Arteaga,A (2364) Cartagena 2019}) 9... Nf6 10. a4 b6 11. d3 O-O 12. h3 e6 13. Nd2 Bb7 14. Nf3 Qc7 15. Be3 Rfd8 16. Qc1 Ne8 17. Bh6 Bh8 18. Qg5 Bc6 19. Qh4 b5 20. axb5 axb5 21. Rxa8 Rxa8 22. Bb3 Bf6 23. Bg5 Bg7 24. Bh6 Bf6 25. Qg3 b4 26. cxb4 Qb8 27. Bd2 cxb4 28. h4 Ng7 29. Ng5 Qd6 30. Qf3 Nh5 31. g3 Bb5 32. Rc1 (32. g4 {is interesting.} Bxg5 33. Bxg5 Nf4 34. Rd1 h6 35. Bf6) 32... Qxd3 33. Qxd3 Bxd3 34. Bxb4 h6 35. Nxf7 (35. Rc3 $11) 35... Kxf7 $17 36. Rc7+ Kg8 (36... Ke8 $17 37. Bxe6 Bxe4 38. Bf7+ Kd8) 37. Bxe6+ $11 Kh8 38. Bd5 Rb8 39. Bc3 Rb6 40. b4 g5 41. hxg5 hxg5 42. Kg2 g4 43. Bd2 (43. f3 $11 {keeps the balance.}) 43... Be2 $17 44. Rf7 (44. Bc4 $17 Bf3+ 45. Kf1) 44... Ra6 {[#] aiming for ...Ra1.} 45. Bc3 Ra3 46. Rc7 Ng7 (46... Bf3+ $19 47. Kh2 Bg7) 47. Rc6 (47. Rc5 $17) 47... Nh5 $2 (47... Ne8 $19 48. Kh2 Kg7) 48. Bf7 $14 Bf3+ 49. Kf1 Kg7 50. Bxh5 Rb3 {[#]} 51. Ke1 $1 Bxe4 (51... Rb1+ $16 52. Kd2 Rd1+ 53. Kc2 Rf1) 52. Rc7+ $18 Kh6 (52... Kf8 {was worth a try.} 53. Bxg4 Be7 54. Bxe5 Bxb4+ 55. Ke2 Bd3+ 56. Kf3 Ra3) 53. Bxg4 Bg5 (53... Ra3 {is a better defense.} 54. Rc5 Kg6 55. Bxe5 Be7) 54. Bxe5 Rb1+ (54... Rxb4 $142 55. f3 Kg6 56. Rg7+ Kh6) 55. Ke2 Rxb4 56. f4 Bd8 57. Rc8 Bb6 58. f5 $2 (58. Rh8+ Kg6 59. Bh5+ Kf5 60. Re8) 58... Kg5 $2 (58... Bd4 $18) 59. Rg8+ Kh6 60. Rg6+ (60. Bf6 $142 Rb2+ 61. Bxb2 Bd5 62. Rg6+ {[%mdl 64] Double Attack} Kh7 63. Rxb6 Kg8 64. Bf6 Ba2 65. Bh5) 60... Kh7 61. Rd6 {And now Rd7+ would win.} Bc5 (61... Bb1 $142 62. Rd7+ Kg8) 62. Rd7+ Kg8 63. f6 Ra4 64. Be6+ Kh8 65. f7+ {Both players deserved the win here. Accuracy: White = 72%, Black = 59%.} 1-0

[Event "8th Altibox Norway Chess 2020"]
[Site "Stavanger"]
[Date "2020.10.10"]
[Round "5"]
[White "Caruana, Fabiano"]
[Black "Aronian, Levon"]
[Result "0-1"]
[WhiteElo "2828"]
[BlackElo "2767"]
[Annotator "TA"]
[PlyCount "104"]
[EventDate "2020.10.05"]
[EventType "tourn"]
[EventCountry "NOR"]
[SourceTitle "playchess.com"]
[Source "ChessBase"]
[SourceQuality "1"]

{[%evp 9,104,-19,-21,0,20,0,0,0,0,0,0,0,9,9,12,12,8,16,16,6,22,0,0,0,0,0,0,0,0,-15,-12,-17,-10,-15,-11,-13,-13,-13,-8,0,-6,-10,0,-17,-8,-58,0,0,0,0,0,-84,-105,-98,-102,-84,-95,-97,-96,-139,-136,-172,-154,-174,-172,-172,-172,-168,-139,-156,-151,-145,-152,-150,-162,-150,-162,-162,-162,-162,-162,-319,-324,-311,-308,-362,-355,-535,-488,-589,-578,-624,-605,-918,-882,-1023,-999]} 1. d4 Nf6 2. c4 e6 3. Nc3 Bb4 4. f3 c5 5. d5 b5 6. e4 {E20: Nimzo-Indian: 4 g3 and 4 f3.} d6 {seems to push 6...bxc4 aside.} (6... O-O {keeps more tension.} 7. e5 Ne8 8. cxb5 exd5 9. Qxd5 Nc7) 7. Bd2 Bxc3 8. Bxc3 {The position is equal.} b4 9. Bd2 O-O {[#]} 10. Ne2 $146 ({Predecessor:} 10. Be3 exd5 11. cxd5 Nfd7 12. Ne2 f5 13. exf5 Rxf5 14. Ng3 Re5 15. Kf2 Qh4 16. Qd2 {½-½ (34) Aronian,L (2758)-Carlsen,M (2876) Douglas 2019}) 10... Nh5 11. Be3 f5 12. dxe6 Bxe6 13. exf5 Rxf5 14. Qd2 {Threatens to win with g4.} Nd7 15. O-O-O Qa5 16. Kb1 {aiming for g4.} Bxc4 17. Nc1 $1 Bf7 18. Qxd6 Nhf6 $1 19. Qc6 Re8 20. Bf2 Nb8 $1 {[%cal Rb8c6]} 21. Qb5 c4 $1 22. Qxa5 $1 Rxa5 23. Rd4 Rc8 24. b3 {[%cal Rf1c4]} Nc6 25. Rxc4 Bxc4 26. Bxc4+ Kh8 27. Rd1 Re5 ({Black should try} 27... Rg5 $15 28. Bg3 Nh5) 28. Rd6 $11 Ne8 $36 {[%mdl 2048] Black fights for an advantage.} 29. Rd2 Nc7 30. Ne2 (30. Kb2 $11) 30... Nb5 $17 31. Kb2 {And now f4 would win.} Na3 $1 {[%cal Ra3c4]} 32. Ba6 Rd8 33. Rxd8+ Nxd8 34. Kc1 ({Avoid the trap} 34. Bxa7 $2 Ra5 $19) 34... Ne6 35. Bd3 Nc5 $1 {[%cal Rc5d3]} 36. Kd2 Nxd3 37. Kxd3 $19 {[%mdl 4096] Endgame [#] KRN-KBN} Rd5+ $1 38. Nd4 Rd7 39. g4 a5 40. Bg3 {[#]} Kg8 $1 41. Be5 g5 42. Ke4 Nb1 43. Kf5 Nc3 44. Nc6 Rd3 45. Ke6 $2 (45. Kxg5 Rxf3 46. Nxa5) 45... Nxa2 ({Don't do} 45... Rxf3 46. Ne7+ Kf8 47. Nc6 $19) 46. Nxa5 Rxf3 47. Bd6 Rd3 48. Nc6 (48. Be5 {might work better.}) 48... Re3+ {Black is clearly winning.} 49. Kf6 {intending Ne7+.} Rxb3 50. Nd4 Rh3 51. Nf5 b3 {...b2 is the strong threat.} 52. Ba3 Rxh2 {Accuracy: White = 71%, Black = 95%.} 0-1

[Event "8th Altibox Norway Chess 2020"]
[Site "Stavanger"]
[Date "2020.10.10"]
[Round "5"]
[White "Duda, Jan-Krzysztof"]
[Black "Carlsen, Magnus"]
[Result "1-0"]
[WhiteElo "2757"]
[BlackElo "2863"]
[Annotator "TA"]
[PlyCount "125"]
[EventDate "2020.10.05"]
[EventType "tourn"]
[EventCountry "NOR"]
[SourceTitle "playchess.com"]
[Source "ChessBase"]
[SourceQuality "1"]

{[%evp 14,125,20,24,27,31,38,31,29,16,18,34,27,27,27,39,20,15,109,108,124,0,0,0,0,0,0,0,0,0,147,139,139,161,158,110,123,61,356,361,361,331,334,335,362,197,191,31,226,200,678,640,908,810,887,885,862,860,1027,1029,1791,803,1221,826,770,733,29971,29972,5114,1077,990,944,704,851,812,779,997,935,933,920,920,890,29959,29959,29959,29960,29960,29961,29959,29958,6377,12704,29974,29975,29976,29976,29971,29973,29980,29981,29981,29982,29982,29980,29980,29981,29984,29985,29985,29986,29986,29987,29990,29991]} 1. e4 c6 2. d4 d5 3. Nc3 dxe4 4. Nxe4 Nf6 5. Nxf6+ exf6 6. c3 Bd6 7. Bd3 O-O 8. Qc2 Re8+ {B15: Caro-Kann: 3 Nc3: 3...g6 and 3...dxe4 4 Nxe4 Nf6 5 Nxf6+ exf6.} 9. Ne2 h5 10. Be3 Nd7 {White is slightly better.} 11. O-O-O b5 {[#]} 12. d5 $1 {[%mdl 512]} c5 $1 (12... cxd5 13. Bh7+) 13. Bxb5 {Threatening c4.} Rb8 14. c4 a6 15. Ba4 {[#]} Re7 $146 (15... Re5 $1 $11) ({Predecessor:} 15... Re5 16. Nc3 Nb6 17. Bb3 Bf5 18. Qd2 a5 19. a3 Nxd5 20. Nxd5 Rxb3 21. Nc3 Rb6 {1-0 (61) Ivic,V (2487)-Hansen,T (2423) Porto Carras 2018}) 16. Ng3 $36 {[%mdl 2048] Keeping Black busy.} Ne5 17. Ne4 ({Much weaker is} 17. Nxh5 $6 Bg4 $14) (17. Bd2 $16) 17... Reb7 $1 $11 {[%cal Rb7b2]} 18. b3 Rb4 $1 19. Bd2 {aiming for f4.} ({Wrong is} 19. Nxc5 $2 Qa5 $19) 19... Rxa4 $1 20. bxa4 {Threatens to win with f4.} Bf5 21. Rde1 {Hoping for f3.} h4 (21... Ng4 $1 $11) 22. h3 $16 Ng6 23. Re3 $1 Nf4 24. g4 Bg6 25. Kd1 (25. f3 $16) 25... f5 $2 {[%mdl 8192]} (25... Qd7 $1 $14) 26. Nxd6 $18 Qxd6 27. gxf5 Bh5+ 28. f3 Qf6 29. Bc3 (29. Qe4 $142 Qa1+ 30. Bc1) 29... Qg5 30. Qe4 $2 (30. Rhe1 $18 {And now Re8+ would win.} Kh7 31. Bd2) 30... Qg2 $2 (30... f6 $14) 31. Rhe1 Qxa2 $2 {[#]} (31... f6) 32. Qc2 $1 {[%cal Rc2a2]} Qxc4 33. Re8+ {[%mdl 64] Double Attack} Kh7 34. Rxb8 {Rh8+! is the strong threat.} Qxd5+ {[#]} 35. Qd2 $1 Bxf3+ 36. Kc1 Qxf5 37. Re3 Ne2+ 38. Kb2 Nxc3 39. Qxc3 Qf4 40. Qd3+ f5 41. Rf8 Qb4+ 42. Kc1 Be4 43. Qb3 Qd4 44. Qc3 Qd6 {[#]} 45. Rf7 $1 {[%csl Gf7][%cal Rc3g7]} Qg6 46. Rd7 Qg1+ 47. Kb2 c4 {[#]} 48. Rxe4 $1 fxe4 49. Rd4 Qf2+ 50. Qd2 c3+ 51. Kxc3 Qg3+ 52. Kb2 Qxh3 53. Rxe4 {White mates.} Qg3 54. Qd4 Qg2+ 55. Kc3 Qf3+ 56. Kb4 Qf8+ {[#]} 57. Ka5 $1 Qf5+ 58. Kxa6 g5 59. a5 h3 60. Re7+ Kg6 61. Qg7+ Kh5 62. Qh7+ Kg4 63. Re4+ {Accuracy: White = 68%, Black = 55%.} 1-0